Central Library OPAC University of Rajshahi

The letters of D. H. Lawrence / (Record no. 21507)

MARC details
000 -LEADER
fixed length control field 00955nam a22002771 4500
001 - CONTROL NUMBER
control field 21507
003 - CONTROL NUMBER IDENTIFIER
rucl marc code BD-RjUL
005 - DATE AND TIME OF LATEST TRANSACTION
control field 20211209000708.0
008 - FIXED-LENGTH DATA ELEMENTS--GENERAL INFORMATION
fixed length control field 140304r19561932enkf 001 0 eng
035 ## - SYSTEM CONTROL NUMBER
System control number (BD-RjUL)21571
System control number (OCoLC)2129289
040 ## - CATALOGING SOURCE
Original cataloging agency DLC
Transcribing agency FTS
Modifying agency BD-RjUL
Language of cataloging eng
041 ## - LANGUAGE CODE
Language code of text/sound track or separate title eng
082 ## - DEWEY DECIMAL CLASSIFICATION NUMBER
Classification number 928.2
Author mark and year LAL 1956
100 1# - MAIN ENTRY--PERSONAL NAME
Personal name Lawrence, D. H.
Fuller form of name (David Herbert),
Dates associated with a name 1885-1930.
9 (RLIN) 66422
245 14 - TITLE STATEMENT
Title The letters of D. H. Lawrence /
Statement of responsibility, etc. D H Lawrence, edited and with an introduction by Aldous Huxley.
260 ## - PUBLICATION, DISTRIBUTION, ETC. (IMPRINT)
Place of publication, distribution, etc. London :
Name of publisher, distributor, etc. W. Heinemann ltd.,
Date of publication, distribution, etc. 1932 [reprint 1956].
300 ## - PHYSICAL DESCRIPTION
Pagination xxxiv, 889 p. :
Illustrations ill. ;
Size 22 cm.
504 ## - BIBLIOGRAPHY, ETC. NOTE
Bibliography, etc Include index.
600 10 - SUBJECT ADDED ENTRY--PERSONAL NAME
Personal name Lawrence, D. H.
Fuller form of name (David Herbert),
Dates associated with a name 1885-1930
General subdivision Correspondence.
650 #0 - SUBJECT ADDED ENTRY--TOPICAL TERM
Topical term or geographic name as entry element Authors, English
Chronological subdivision 20th century
General subdivision Correspondence.
9 (RLIN) 62319
700 1# - ADDED ENTRY--PERSONAL NAME
Personal name Huxley, Aldous
Dates associated with a name 1894-1963,
Relator term ed.
942 ## - ADDED ENTRY ELEMENTS (KOHA)
Source of classification or shelving scheme Dewey Decimal Classification
Koha item type Books
Holdings
Lost status Source of classification or shelving scheme Damaged status Not for loan Collection code Permanent Location Current Location Shelving location Date acquired Source of acquisition Cost, normal purchase price Total Checkouts Full call number Date last seen Copy number Koha item type
  Dewey Decimal Classification   Added to bundle Non-fiction Central Library, University of Rajshahi Central Library, University of Rajshahi Reading Room 17/03/1964 Zetlinger 30.00   928.2 LAL 1956 04/03/2014 C-1 Books